[Event "Stockholm Elite Hotels GP"]
[Site "Stockholm"]
[Date "2023.11.04"]
[Round "5"]
[White "Reimanis, Ritvars"]
[Black "Wenzel, Birger"]
[Result "1-0"]
[WhiteElo "2348"]
[BlackElo "2031"]
[PlyCount "155"]
[EventDate "2023.11.03"]
[EventType "swiss"]
[EventRounds "8"]
[EventCountry "SWE"]
[SourceTitle "Mega2024 Update 01"]
[Source "Chessbase"]
[SourceDate "2023.11.12"]
[SourceVersion "1"]
[SourceVersionDate "2023.11.12"]
[SourceQuality "1"]

1. Nf3 Nf6 2. c4 b6 3. g3 Bb7 4. Bg2 e6 5. 0-0 Be7 6. d3 0-0 7. e4 d6 8. Nc3 c5 9. a3 Nbd7 10. Re1 Qc7 11. h3 Rac8 12. Nh2 Rfd8 13. Nf1 Bf8 14. Ne3 a6 15. Rb1 g6 16. b3 Bg7 17. Bb2 Ne5 18. b4 Ra8 19. b5 a5 20. f4 Ned7 21. Qf3 Rf8 22. Qf2 h6 23. Rbd1 Kh7 24. g4 Rh8 25. Nf1 Kg8 26. Na4 Rd8 27. Rc1 Rc8 28. d4 cxd4 29. Bxd4 Nc5 30. Nxc5 dxc5 31. Be5 Qe7 32. Rcd1 Rd8 33. Rxd8+ Qxd8 34. Qc2 Nd7 35. Bxg7 Kxg7 36. Rd1 Qc7 37. e5 Bxg2 38. Qxg2 Rc8 39. Ng3 g5 40. Nh5+ Kf8 41. Qe4 gxf4 42. Re1 Ke7 43. Qxf4 Rh8 44. Nf6 Nf8 45. Rf1 Ng6 46. Nd5+ exd5 47. Qxf7+ Kd8 48. Qxg6 Qxe5 49. Qxb6+ Ke8 50. Qc6+ Kd8 51. Qxd5+ Qxd5 52. cxd5 Ke7 53. Kf2 Kd6 54. Ke3 Kxd5 55. Kd3 Re8 56. Rf5+ Kd6 57. a4 Re1 58. Rh5 Rd1+ 59. Kc3 Rc1+ 60. Kd3 Rd1+ 61. Kc2 Ra1 62. Rxh6+ Kd5 63. g5 Rg1 64. Rh5 Rg2+ 65. Kc3 Rg3+ 66. Kd2 Kc4 67. Rh4+ Kb3 68. Rg4 Rxh3 69. g6 Rh2+ 70. Ke3 Rh3+ 71. Ke4 Rh8 72. g7 Rg8 73. Kd3 Rd8+ 74. Ke2 Rg8 75. Kd2 c4 76. b6 c3+ 77. Kc1 Re8 78. g8Q+ 1-0

[Event "Stockholm Elite Hotels GP"]
[Site "Stockholm"]
[Date "2023.11.03"]
[Round "2"]
[White "Seo, Jung Min"]
[Black "Wenzel, Birger"]
[Result "1/2-1/2"]
[WhiteElo "2480"]
[BlackElo "2031"]
[PlyCount "222"]
[EventDate "2023.11.03"]
[EventType "swiss"]
[EventRounds "8"]
[EventCountry "SWE"]
[SourceTitle "Mega2024 Update 01"]
[Source "Chessbase"]
[SourceDate "2023.11.12"]
[SourceVersion "1"]
[SourceVersionDate "2023.11.12"]
[SourceQuality "1"]

1. d4 Nf6 2. c4 e6 3. Nf3 b6 4. a3 Bb7 5. Nc3 Ne4 6. Nxe4 Bxe4 7. Nd2 Bb7 8. e4 d6 9. Bd3 e5 10. d5 a5 11. b3 Be7 12. Nf1 Bg5 13. Qg4 Bf6 14. Ng3 Bc8 15. Qf3 Bg5 16. Bxg5 Qxg5 17. h4 Qg4 18. Qe3 Na6 19. Be2 Qd7 20. 0-0 Qe7 21. h5 h6 22. f4 exf4 23. Qxf4 0-0 24. Bg4 Bxg4 25. Qxg4 Rae8 26. Rae1 Nc5 27. Rf3 Qg5 28. Qxg5 hxg5 29. b4 axb4 30. axb4 Nd7 31. Ra1 Ne5 32. Rc3 Ra8 33. Rb1 Ra2 34. c5 b5 35. cxd6 cxd6 36. Nf5 Nc4 37. Rbc1 Rfa8 38. Ne3 Re2 39. Nxc4 bxc4 40. R3c2 Rxe4 41. Rxc4 Re2 42. Rc8+ Rxc8 43. Rxc8+ Kh7 44. Rd8 Rb2 45. Rxd6 Rxb4 46. g3 f5 47. Rd8 Rd4 48. d6 g6 49. hxg6+ Kxg6 50. d7 Kf7 51. Kf2 Ke7 52. Rg8 Kxd7 53. Rxg5 Ke6 54. Kf3 Kf6 55. Rh5 Rd3+ 56. Kg2 Rd4 57. Rh1 Kg5 58. Rh8 Ra4 59. Kh3 Rb4 60. Ra8 Rc4 61. Ra1 Rb4 62. Kh2 Rb2+ 63. Kh3 Rb4 64. Rf1 Ra4 65. Rf2 Rb4 66. Rh2 Ra4 67. Rd2 Rb4 68. Rd8 Ra4 69. Rb8 Rc4 70. Rb1 Ra4 71. Rf1 Rb4 72. Re1 Ra4 73. Kg2 Ra2+ 74. Kh3 Ra4 75. Rd1 Rb4 76. Rd2 Ra4 77. Rh2 Rb4 78. Rh1 Ra4 79. Re1 Rb4 80. Re2 Ra4 81. Kg2 Rb4 82. Rd2 Ra4 83. Rf2 f4 84. gxf4+ Rxf4 85. Ra2 Rg4+ 86. Kf3 Rb4 87. Ke3 Rh4 88. Ra5+ Kf6 89. Kf3 Rb4 90. Kg3 Rc4 91. Kf3 Rb4 92. Ke2 Rb3 93. Ke1 Rb2 94. Kd1 Ke6 95. Kc1 Rh2 96. Kd1 Kd6 97. Ke1 Ke6 98. Kf1 Kd6 99. Ra6+ Ke5 100. Ra5+ Kd6 101. Kg1 Rb2 102. Kf1 Ke6 103. Ke1 Kd6 104. Rh5 Ke6 105. Kd1 Kd6 106. Rh3 Ke5 107. Kc1 Rg2 108. Kd1 Ke4 109. Ke1 Kd4 110. Kf1 Ra2 111. Ke1 Ke4 1/2-1/2

[Event "EU-Cup 38th"]
[Site "Durres"]
[Date "2023.10.03"]
[Round "3.6"]
[White "Wenzel, Birger"]
[Black "Guliyev, Namig"]
[Result "0-1"]
[WhiteElo "2013"]
[BlackElo "2531"]
[PlyCount "114"]
[EventDate "2023.10.01"]
[EventType "team-swiss"]
[EventRounds "7"]
[EventCountry "ALB"]
[SourceTitle "EXT 2024"]
[Source "ChessBase"]
[SourceDate "2023.10.10"]
[SourceVersion "1"]
[SourceVersionDate "2023.10.10"]
[SourceQuality "1"]
[WhiteTeam "Wasa"]
[BlackTeam "Chartres"]
[WhiteTeamCountry "SWE"]
[BlackTeamCountry "FRA"]

1. d4 d5 2. c4 dxc4 3. Nf3 Nf6 4. e3 e6 5. Bxc4 a6 6. 0-0 Nbd7 7. b3 Bd6 8. Bb2 Qe7 9. Nbd2 0-0 10. Bd3 e5 11. dxe5 Nxe5 12. Nxe5 Bxe5 13. Bxe5 Qxe5 14. Nc4 Qe7 15. Qc2 Be6 16. e4 Bxc4 17. Qxc4 Rad8 18. Rae1 Qd6 19. Be2 Qe5 20. Bf3 Rd4 21. Qc2 Rfd8 22. Rd1 g5 23. g3 c5 24. Bg2 Rxd1 25. Rxd1 Rxd1+ 26. Qxd1 b5 27. Qc1 g4 28. Qd1 Kg7 29. Qe2 h5 30. f4 gxf3 31. Bxf3 c4 32. bxc4 Qd4+ 33. Qf2 Qxc4 34. e5 Nd7 35. Bxh5 Nxe5 36. Bd1 a5 37. Bb3 Qe4 38. Bd1 Nd3 39. Qe2 Qxe2 40. Bxe2 Nc1 41. Bxb5 Nxa2 42. Kf2 Nc3 43. Bc4 a4 44. Kf3 a3 45. Kf4 a2 46. Bxa2 Nxa2 47. g4 Nc3 48. Kf5 Nd5 49. h3 Ne7+ 50. Ke5 f6+ 51. Ke6 Ng6 52. Kf5 Kf7 53. g5 Ne7+ 54. Kf4 f5 55. h4 Kg6 56. Ke5 Nc6+ 57. Kd5 Kh5 0-1

[Event "Oberliga Nord N 2122"]
[Site "Germany"]
[Date "2021.11.20"]
[Round "3.7"]
[White "Bornholdt, Joa Max"]
[Black "Wenzel, Birger"]
[Result "1-0"]
[WhiteElo "1956"]
[BlackElo "1974"]
[PlyCount "63"]
[EventDate "2021.10.31"]
[EventType "team-tourn"]
[EventRounds "9"]
[EventCountry "GER"]
[SourceTitle "EXT 2023"]
[Source "ChessBase"]
[SourceDate "2022.10.05"]
[SourceVersion "1"]
[SourceVersionDate "2022.10.05"]
[SourceQuality "1"]
[WhiteTeam "Luebeck"]
[BlackTeam "Johanneum Eppendorf"]
[WhiteTeamCountry "GER"]
[BlackTeamCountry "GER"]

1. d4 Nf6 2. c4 e6 3. Nc3 Bb4 4. f3 Nc6 5. e4 d5 6. cxd5 exd5 7. e5 Ng8 8. Bb5 Nge7 9. Nge2 0-0 10. 0-0 a6 11. Ba4 h6 12. Ng3 f6 13. exf6 Rxf6 14. Bc2 Kh8 15. Qd3 Qg8 16. Be3 Bd6 17. Qd2 Nf5 18. Nh5 Qe8 19. Nxf6 Qxe3+ 20. Qxe3 Nxe3 21. Rae1 Bf5 22. Rxe3 Bxc2 23. Re8+ Rxe8 24. Nxe8 Bf8 25. Nxc7 Nxd4 26. Re1 Bc5 27. Re8+ Kh7 28. Kh1 Nc6 29. Ne6 Bf2 30. Nxd5 Kg6 31. Nef4+ Kh7 32. Re2 1-0

[Event "GER-ch Net Amateur Gr-A Vor1"]
[Site "Playchess.com INT"]
[Date "2020.04.14"]
[Round "3"]
[White "Laux, Dominik"]
[Black "Wenzel, Birger"]
[Result "1-0"]
[WhiteElo "2021"]
[BlackElo "1809"]
[PlyCount "31"]
[EventDate "2020.04.14"]
[EventType "swiss (blitz)"]
[EventRounds "9"]
[EventCountry "GER"]
[SourceTitle "EXT 2021"]
[Source "ChessBase"]
[SourceDate "2020.10.23"]
[SourceVersion "1"]
[SourceVersionDate "2020.10.23"]
[SourceQuality "1"]

1. d4 Nf6 2. Bg5 e6 3. Nd2 c5 4. e3 h6 5. Bh4 d5 6. c3 Nbd7 7. f4 Be7 8. Bd3 0-0 9. Ngf3 b6 10. Ne5 Qc7 11. 0-0 a5 12. Qe2 a4 13. a3 Bb7 14. Rf3 b5 15. Bxb5 c4 16. Nxd7 1-0

[Event "GER-ch Net Amateur Gr-A Vor1"]
[Site "Playchess.com INT"]
[Date "2020.04.14"]
[Round "4"]
[White "Wenzel, Birger"]
[Black "Michels, Fabio"]
[Result "0-1"]
[WhiteElo "1809"]
[BlackElo "1322"]
[PlyCount "74"]
[EventDate "2020.04.14"]
[EventType "swiss (blitz)"]
[EventRounds "9"]
[EventCountry "GER"]
[SourceTitle "EXT 2021"]
[Source "ChessBase"]
[SourceDate "2020.10.23"]
[SourceVersion "1"]
[SourceVersionDate "2020.10.23"]
[SourceQuality "1"]

1. c4 c5 2. Nf3 Nc6 3. Nc3 g6 4. e3 Bg7 5. d4 cxd4 6. exd4 d6 7. Be3 Nf6 8. Be2 Ng4 9. Bf4 0-0 10. h3 Nf6 11. 0-0 d5 12. c5 b6 13. Ne5 Nxe5 14. Bxe5 bxc5 15. dxc5 e6 16. b4 a6 17. Qd4 Bb7 18. a4 Nh5 19. Bxg7 Nxg7 20. g4 f6 21. f4 Re8 22. Bf3 e5 23. Bxd5+ Kh8 24. Qc4 Bxd5 25. Nxd5 exf4 26. Rxf4 f5 27. c6 Rc8 28. b5 axb5 29. axb5 Ne6 30. Rff1 Qd6 31. Qc3+ Ng7 32. Ra7 Qe5 33. Qxe5 Rxe5 34. Rd1 Rd8 35. c7 Rc8 36. b6 Ne6 37. b7 Nxc7 0-1

[Event "EU-Cup 35th"]
[Site "Ulcinj"]
[Date "2019.11.15"]
[Round "6.22"]
[White "Wenzel, Birger"]
[Black "Kaatiala, Pekka"]
[Result "1/2-1/2"]
[WhiteElo "2058"]
[BlackElo "2004"]
[PlyCount "62"]
[EventDate "2019.11.10"]
[EventType "team-swiss"]
[EventRounds "7"]
[EventCountry "MNE"]
[SourceTitle "EXT 2021"]
[Source "ChessBase"]
[SourceDate "2020.10.23"]
[SourceVersion "1"]
[SourceVersionDate "2020.10.23"]
[SourceQuality "1"]
[WhiteTeam "Wasa"]
[BlackTeam "Tammer Shakki"]
[WhiteTeamCountry "SWE"]
[BlackTeamCountry "FIN"]

1. Nf3 g6 2. d4 Bg7 3. g3 Nf6 4. Bg2 0-0 5. 0-0 d6 6. c4 Nc6 7. Nc3 a6 8. b3 e5 9. dxe5 Nxe5 10. Nxe5 dxe5 11. Qxd8 Rxd8 12. Bg5 Re8 13. Nd5 Nxd5 14. cxd5 f6 15. Bd2 Bf8 16. Rac1 Bd6 17. e4 Bd7 18. Ba5 b6 19. Bc3 a5 20. Rfe1 Kf7 21. Bf1 Ke7 22. f4 Rg8 23. Bd2 g5 24. f5 h5 25. a4 Rgb8 26. Ra1 Rd8 27. Be2 Rh8 28. Rec1 h4 29. Kg2 hxg3 30. hxg3 Rh7 31. Rh1 Rah8 1/2-1/2

[Event "Hamburg-ch MA"]
[Site "Hamburg"]
[Date "2019.06.10"]
[Round "3"]
[White "Garner, Isaac"]
[Black "Wenzel, Birger"]
[Result "1/2-1/2"]
[WhiteElo "1893"]
[BlackElo "2101"]
[PlyCount "64"]
[EventDate "2019.06.08"]
[EventType "swiss"]
[EventRounds "9"]
[EventCountry "GER"]
[SourceTitle "EXT 2022"]
[Source "ChessBase"]
[SourceDate "2021.10.06"]
[SourceVersion "1"]
[SourceVersionDate "2021.10.06"]
[SourceQuality "1"]

1. e4 c5 2. Nf3 d6 3. d4 cxd4 4. Nxd4 Nf6 5. Nc3 a6 6. g3 e5 7. Nde2 Be7 8. Bg2 b5 9. Nd5 Nbd7 10. Nec3 Nb6 11. Nxe7 Qxe7 12. Bg5 0-0 13. Qf3 Be6 14. Bxf6 Qxf6 15. Qxf6 gxf6 16. 0-0-0 b4 17. Ne2 Rfd8 18. b3 Kf8 19. Kb2 Ke7 20. Rd2 Nc8 21. c3 a5 22. cxb4 axb4 23. Nc1 Na7 24. Nd3 Rab8 25. Rc1 Rdc8 26. Rdc2 Rxc2+ 27. Rxc2 Kd8 28. f4 Bd7 29. Rc4 Nc6 30. Bf3 Rb6 31. Bh5 Be8 32. f5 Kd7 1/2-1/2

[Event "Hamburg-ch MA"]
[Site "Hamburg"]
[Date "2019.06.09"]
[Round "2"]
[White "Wenzel, Birger"]
[Black "Anderberg, Peter"]
[Result "1/2-1/2"]
[WhiteElo "2101"]
[BlackElo "2005"]
[PlyCount "83"]
[EventDate "2019.06.08"]
[EventType "swiss"]
[EventRounds "9"]
[EventCountry "GER"]
[SourceTitle "EXT 2022"]
[Source "ChessBase"]
[SourceDate "2021.10.06"]
[SourceVersion "1"]
[SourceVersionDate "2021.10.06"]
[SourceQuality "1"]

1. d4 d5 2. c4 e6 3. Nf3 Nf6 4. g3 Be7 5. Bg2 0-0 6. 0-0 dxc4 7. Qc2 a6 8. Qxc4 b5 9. Qc2 Bb7 10. Bd2 Be4 11. Qc1 Bb7 12. a3 Nbd7 13. Ba5 Rc8 14. Nbd2 Bd6 15. Rd1 Qe7 16. b4 e5 17. dxe5 Nxe5 18. Nxe5 Bxg2 19. Kxg2 Bxe5 20. Ra2 c5 21. bxc5 Rxc5 22. Qb1 Bc3 23. Bb4 Bxb4 24. axb4 Re5 25. e3 Nd5 26. Nf3 Nc3 27. Qb3 Nxa2 28. Nxe5 Qxe5 29. Qxa2 Qe4+ 30. Kg1 Qxb4 31. Qxa6 Qa4 32. Qxa4 bxa4 33. Ra1 Ra8 34. Kf1 Kf8 35. Ke2 Ke7 36. Kd3 Kd6 37. Kc4 a3 38. Ra2 Rc8+ 39. Kd4 Ra8 40. Kc4 Rc8+ 41. Kd4 Ra8 42. Kc4 1/2-1/2

[Event "Hamburg-chT Landesliga 1819"]
[Site "Hamburg"]
[Date "2019.04.14"]
[Round "9.1"]
[White "Wenzel, Birger"]
[Black "Mandelbaum, Peter Rene"]
[Result "1/2-1/2"]
[WhiteElo "2080"]
[BlackElo "2090"]
[PlyCount "29"]
[EventDate "2018.10.21"]
[EventType "team-tourn"]
[EventRounds "9"]
[EventCountry "GER"]
[SourceTitle "EXT 2020"]
[Source "ChessBase"]
[SourceDate "2019.10.17"]
[SourceVersion "1"]
[SourceVersionDate "2019.10.17"]
[SourceQuality "1"]
[WhiteTeam "Johanneum Eppendorf II"]
[BlackTeam "Hamburg Weisse Dame"]
[WhiteTeamCountry "GER"]
[BlackTeamCountry "GER"]

1. d4 d5 2. c4 e6 3. Nf3 Nf6 4. g3 Be7 5. Bg2 0-0 6. 0-0 dxc4 7. Qa4 a6 8. Qxc4 b5 9. Qc2 Bb7 10. Bd2 Be4 11. Qc1 Bb7 12. Rd1 Qc8 13. Bg5 Nbd7 14. Nbd2 c5 15. dxc5 1/2-1/2

[Event "GER CupT 1819 prel2"]
[Site "Rostock"]
[Date "2019.01.27"]
[Round "2.3"]
[White "Zitzelsberger, Philipp"]
[Black "Wenzel, Birger"]
[Result "0-1"]
[WhiteElo "2079"]
[BlackElo "2080"]
[PlyCount "94"]
[EventDate "2019.01.26"]
[EventType "team-k.o."]
[EventRounds "2"]
[EventCountry "GER"]
[SourceTitle "EXT 2021"]
[Source "ChessBase"]
[SourceDate "2020.10.23"]
[SourceVersion "1"]
[SourceVersionDate "2020.10.23"]
[SourceQuality "1"]
[WhiteTeam "Oranienburg"]
[BlackTeam "Johanneum Eppendorf"]
[WhiteTeamCountry "GER"]
[BlackTeamCountry "GER"]

1. e4 e6 2. d4 d5 3. Nd2 c5 4. dxc5 Bxc5 5. exd5 exd5 6. Bd3 Nf6 7. Ne2 0-0 8. 0-0 Nc6 9. c3 Re8 10. Nb3 Bd6 11. Nbd4 Ne4 12. Bb5 Bd7 13. Nf3 a6 14. Ba4 Bg4 15. Nfd4 Nxd4 16. cxd4 Qh4 17. g3 Qh5 18. Bxe8 Bxe2 19. Bxf7+ Kxf7 20. Qb3 Re8 21. Re1 Nxf2 22. h4 Qf5 23. Be3 Nh3+ 24. Kh2 Bxg3+ 25. Kxg3 Qf3+ 26. Kh2 Rxe3 27. Qxb7+ Re7 28. Qb3 Qf2+ 29. Kxh3 Re3+ 30. Qxe3 Qxe3+ 31. Kg2 Qf3+ 32. Kh2 Qf2+ 33. Kh3 h5 34. Rg1 Bg4+ 35. Rxg4 hxg4+ 36. Kxg4 Qxd4+ 37. Kg3 Qxb2 38. Rf1+ Kg6 39. Rf2 Qe5+ 40. Kg2 d4 41. a4 d3 42. Kf1 Qa1+ 43. Kg2 Qe1 44. a5 d2 45. Kh3 Qxf2 46. h5+ Kg5 47. h6 d1Q 0-1

[Event "Lueneburg NSV rapid op"]
[Site "Lueneburg"]
[Date "2018.07.14"]
[Round "8"]
[White "Reher, Wolfgang"]
[Black "Wenzel, Birger"]
[Result "0-1"]
[WhiteElo "1906"]
[BlackElo "2084"]
[PlyCount "68"]
[EventDate "2018.07.14"]
[EventType "swiss (rapid)"]
[EventRounds "9"]
[EventCountry "GER"]
[SourceTitle "CBM 185 Extra"]
[Source "ChessBase"]
[SourceDate "2018.07.29"]
[SourceVersion "1"]
[SourceVersionDate "2018.07.29"]
[SourceQuality "1"]

1. f4 d5 2. Nf3 g6 3. e3 Bg7 4. d4 Nf6 5. Bd3 Bf5 6. 0-0 Bxd3 7. cxd3 0-0 8. Bd2 e6 9. Be1 c6 10. Bh4 Qb6 11. Qc1 Rc8 12. Nc3 c5 13. dxc5 Qxc5 14. d4 Qa5 15. Bxf6 Bxf6 16. Qd2 Nc6 17. h3 b5 18. Rfc1 b4 19. Ne2 Qb5 20. Rc5 Qb7 21. Rac1 Be7 22. R5c2 a5 23. Ne5 Na7 24. g4 a4 25. Ng3 b3 26. axb3 axb3 27. Rxc8+ Rxc8 28. Rxc8+ Qxc8 29. Kf2 Nb5 30. Ke2 Bh4 31. Nf1 Nd6 32. Nd3 Ne4 33. Qc1 Qc4 34. Nd2 Ng3+ 0-1

[Event "Lueneburg IM"]
[Site "Lueneburg"]
[Date "2018.07.05"]
[Round "2"]
[White "Fuchs, Judith"]
[Black "Wenzel, Birger"]
[Result "1/2-1/2"]
[WhiteElo "2289"]
[BlackElo "2084"]
[PlyCount "78"]
[EventDate "2018.07.05"]
[EventType "tourn"]
[EventRounds "9"]
[EventCountry "GER"]
[EventCategory "1"]
[SourceTitle "CBM 185 Extra"]
[Source "ChessBase"]
[SourceDate "2018.07.29"]
[SourceVersion "1"]
[SourceVersionDate "2018.07.29"]
[SourceQuality "1"]

1. b3 Nf6 2. Bb2 c5 3. e3 b6 4. Nf3 e6 5. Be2 Bb7 6. 0-0 Be7 7. d3 0-0 8. Nbd2 d6 9. h3 Nbd7 10. Nh2 Nd5 11. Bf3 Qc7 12. c4 N5f6 13. Bxb7 Qxb7 14. f4 Ne8 15. d4 d5 16. cxd5 Qxd5 17. Nhf3 Nd6 18. Qe1 cxd4 19. e4 Qb7 20. Bxd4 Nb5 21. Bb2 Ba3 22. Bxa3 Nxa3 23. Rc1 Rac8 24. Nd4 b5 25. N2f3 b4 26. Qe2 Rxc1 27. Rxc1 Rc8 28. Re1 Qc7 29. e5 g6 30. Kh1 Nb6 31. f5 gxf5 32. Ng5 h6 33. Qh5 hxg5 34. Qxg5+ Kf8 35. Qf6 Kg8 36. Qg5+ Kf8 37. Qf6 Kg8 38. Qg5+ Kf8 39. Qf6 Kg8 1/2-1/2

[Event "Hamburg-ch MA"]
[Site "Hamburg"]
[Date "2018.05.27"]
[Round "9"]
[White "Wenzel, Birger"]
[Black "Dumjahn, Carsten"]
[Result "0-1"]
[WhiteElo "2079"]
[BlackElo "2032"]
[PlyCount "188"]
[EventDate "2018.05.01"]
[EventType "swiss"]
[EventRounds "9"]
[EventCountry "GER"]
[SourceTitle "EXT 2020"]
[Source "ChessBase"]
[SourceDate "2019.10.17"]
[SourceVersion "1"]
[SourceVersionDate "2019.10.17"]
[SourceQuality "1"]

1. e4 Nf6 2. e5 Nd5 3. d4 d6 4. Nf3 g6 5. Bc4 Nb6 6. Bb3 Bg7 7. 0-0 0-0 8. Re1 Nc6 9. c3 dxe5 10. Nxe5 Nxe5 11. dxe5 Qxd1 12. Bxd1 Bf5 13. Nd2 Nd7 14. Nf3 Nc5 15. Bg5 Rfe8 16. Nd4 Nd3 17. Re3 Nxb2 18. Bb3 c5 19. Nxf5 gxf5 20. Bd5 Rab8 21. e6 fxe6 22. Bxe6+ Kh8 23. Rh3 Bf6 24. Bf4 Rbd8 25. Bxf5 Nd1 26. g4 Nxc3 27. Re1 Nxa2 28. g5 Bd4 29. Rxh7+ Kg8 30. g6 e5 31. Bg5 Rd6 32. g7 Ree6 33. Re4 Rg6 34. Bxg6 Rxg6 35. Rh5 Nc3 36. Reh4 Rxg7 37. Kf1 e4 38. Rf4 e3 39. fxe3 Bxe3 40. Rf5 Bd4 41. Ke1 b5 42. Bd8 Rg1+ 43. Rf1 Rxf1+ 44. Kxf1 b4 45. Ba5 Kf7 46. Rh7+ Ke6 47. Rxa7 Kd5 48. Rd7+ Kc4 49. Ke1 Kd3 50. Rb7 Nd5 51. h4 Kc2 52. Bxb4 cxb4 53. Rxb4 Nxb4 54. Ke2 Nd5 55. Kf3 Kd3 56. Kg4 Ke4 57. h5 Be3 58. Kg3 Bh6 59. Kf2 Nc3 60. Kg3 Ne2+ 61. Kg4 Nf4 62. Kg3 Nxh5+ 63. Kg4 Nf6+ 64. Kg3 Be3 65. Kg2 Nh5 66. Kh3 Kf3 67. Kh4 Ng3 68. Kh3 Bg1 69. Kh4 Ne4 70. Kh3 Ng5+ 71. Kh4 Kf4 72. Kh5 Kf5 73. Kh4 Bf2+ 74. Kh5 Ne6 75. Kh6 Nf4 76. Kg7 Bc5 77. Kf7 Nd5 78. Ke8 Nb6 79. Kd8 Bd6 80. Ke8 Ke6 81. Kd8 Be5 82. Ke8 Bf6 83. Kf8 Nc4 84. Ke8 Nd6+ 85. Kf8 Bd4 86. Kg8 Kf6 87. Kf8 Bc5 88. Kg8 Nf5 89. Kh7 Kf7 90. Kh8 Bf8 91. Kh7 Nh6 92. Kh8 Ng4 93. Kh7 Nf6+ 94. Kh8 Bg7# 0-1

[Event "Hamburg-ch MA"]
[Site "Hamburg"]
[Date "2018.05.26"]
[Round "8"]
[White "Pfreundt, Jakob"]
[Black "Wenzel, Birger"]
[Result "1-0"]
[WhiteElo "2399"]
[BlackElo "2079"]
[PlyCount "77"]
[EventDate "2018.05.01"]
[EventType "swiss"]
[EventRounds "9"]
[EventCountry "GER"]
[SourceTitle "EXT 2020"]
[Source "ChessBase"]
[SourceDate "2019.10.17"]
[SourceVersion "1"]
[SourceVersionDate "2019.10.17"]
[SourceQuality "1"]

1. Nf3 d5 2. d4 e6 3. c4 a6 4. cxd5 exd5 5. Nc3 c6 6. Bf4 Bd6 7. Bxd6 Qxd6 8. e4 dxe4 9. Nxe4 Qe7 10. Qe2 Nh6 11. Nd6+ Kd8 12. Qxe7+ Kxe7 13. Nc4 Be6 14. 0-0-0 Nd7 15. Bd3 Ng4 16. Rd2 h6 17. Re1 g5 18. Bf5 Ngf6 19. Bxe6 fxe6 20. Rde2 Nf8 21. Na5 Rb8 22. Ne5 Ke8 23. Nb3 Nd5 24. g3 Rh7 25. Nc5 Nc7 26. Kb1 Nb5 27. a4 Nc7 28. Re4 h5 29. Nf3 Rg7 30. h4 gxh4 31. Rxh4 Rf7 32. Re3 Rf5 33. Ne4 Rd8 34. Rxh5 Nd5 35. Rxf5 Nxe3 36. Rxf8+ Kxf8 37. fxe3 Ke7 38. Ne5 Rb8 39. Ng6+ 1-0

[Event "Oberliga Nord N 1718"]
[Site "Germany"]
[Date "2018.02.04"]
[Round "6.4"]
[White "Wollenweber, Carsten"]
[Black "Wenzel, Birger"]
[Result "1-0"]
[WhiteElo "2073"]
[BlackElo "2083"]
[PlyCount "43"]
[EventDate "2017.10.08"]
[EventType "team-tourn"]
[EventRounds "9"]
[EventCountry "GER"]
[SourceTitle "EXT 2019"]
[Source "ChessBase"]
[SourceDate "2018.10.10"]
[SourceVersion "1"]
[SourceVersionDate "2018.10.10"]
[SourceQuality "1"]
[WhiteTeam "Bargteheide"]
[BlackTeam "Eppendorf Johanneum"]
[WhiteTeamCountry "GER"]
[BlackTeamCountry "GER"]

1. e4 d6 2. d4 Nf6 3. Nc3 e5 4. Nf3 Nbd7 5. Bc4 Be7 6. h3 c6 7. a4 a5 8. Be3 0-0 9. Ba2 h6 10. g4 exd4 11. Nxd4 Nc5 12. Qf3 Qb6 13. 0-0-0 Qb4 14. Nf5 Bxf5 15. Rd4 Qb6 16. gxf5 Kh7 17. Rg1 Ne8 18. e5 dxe5 19. Rdg4 Qd8 20. f6 Bxf6 21. Bxc5 Bg5+ 22. Rxg5 1-0

[Event "Hamburg HSK Christmas op 3rd"]
[Site "Hamburg"]
[Date "2017.12.29"]
[Round "6"]
[White "Schroeder, Christoph"]
[Black "Wenzel, Birger"]
[Result "1/2-1/2"]
[WhiteElo "2217"]
[BlackElo "2132"]
[PlyCount "22"]
[EventDate "2017.12.27"]
[EventType "swiss"]
[EventRounds "7"]
[EventCountry "GER"]
[SourceTitle "CBM 182 Extra"]
[Source "ChessBase"]
[SourceDate "2018.02.23"]
[SourceVersion "1"]
[SourceVersionDate "2018.02.23"]
[SourceQuality "1"]

1. e4 c5 2. Nf3 d6 3. d4 Nf6 4. Nc3 cxd4 5. Nxd4 a6 6. h3 e5 7. Nde2 h5 8. Bg5 Be6 9. g3 Be7 10. Bg2 Nbd7 11. 0-0 b5 1/2-1/2

[Event "Oberliga Nord N 1718"]
[Site "Germany"]
[Date "2017.12.10"]
[Round "4.4"]
[White "Ritscher, Jan Paul"]
[Black "Wenzel, Birger"]
[Result "1-0"]
[WhiteElo "2209"]
[BlackElo "2083"]
[PlyCount "95"]
[EventDate "2017.10.08"]
[EventType "team-tourn"]
[EventRounds "9"]
[EventCountry "GER"]
[SourceTitle "EXT 2019"]
[Source "ChessBase"]
[SourceDate "2018.10.10"]
[SourceVersion "1"]
[SourceVersionDate "2018.10.10"]
[SourceQuality "1"]
[WhiteTeam "Hamburg SF"]
[BlackTeam "Eppendorf Johanneum"]
[WhiteTeamCountry "GER"]
[BlackTeamCountry "GER"]

1. e4 c5 2. Nf3 d6 3. d4 Nf6 4. Nc3 cxd4 5. Nxd4 a6 6. Be3 e5 7. Nf3 Qc7 8. a4 Be7 9. a5 Be6 10. Bb6 Qc8 11. Bd3 0-0 12. 0-0 Nc6 13. Re1 h6 14. Bf1 Qd7 15. Nd5 Rac8 16. c4 Bd8 17. Bxd8 Qxd8 18. Nb6 Rc7 19. h3 Ne8 20. Nd5 Rd7 21. b4 f5 22. exf5 Bxf5 23. Bd3 Rdf7 24. Bxf5 Rxf5 25. Ra3 g5 26. b5 Ne7 27. Ne3 Rxf3 28. gxf3 Qc8 29. Kh2 Qc5 30. Ra2 Nc7 31. Rg1 Ne6 32. Rg3 Nd4 33. Rd2 axb5 34. cxb5 Ng6 35. Rxd4 exd4 36. Qb3+ Kh7 37. Nc4 Rf4 38. a6 bxa6 39. bxa6 Qa7 40. Qb7+ Rf7 41. Qd5 Nf4 42. Qe4+ Kg7 43. Nxd6 d3 44. Qe3 Qxa6 45. Qe5+ Kf8 46. Qe8+ Kg7 47. Qxf7+ Kh8 48. Nf5 1-0

[Event "Oberliga Nord N 1718"]
[Site "Germany"]
[Date "2017.11.12"]
[Round "3.3"]
[White "Wenzel, Birger"]
[Black "Reinecker, Kai"]
[Result "0-1"]
[WhiteElo "2083"]
[BlackElo "2249"]
[PlyCount "70"]
[EventDate "2017.10.08"]
[EventType "team-tourn"]
[EventRounds "9"]
[EventCountry "GER"]
[SourceTitle "EXT 2019"]
[Source "ChessBase"]
[SourceDate "2018.10.10"]
[SourceVersion "1"]
[SourceVersionDate "2018.10.10"]
[SourceQuality "1"]
[WhiteTeam "Eppendorf Johanneum"]
[BlackTeam "Preetz"]
[WhiteTeamCountry "GER"]
[BlackTeamCountry "GER"]

1. d4 Nf6 2. c4 e6 3. Nc3 Bb4 4. e3 0-0 5. Nge2 d5 6. a3 Be7 7. cxd5 exd5 8. Nf4 c6 9. Bd3 Re8 10. 0-0 Nbd7 11. f3 Nf8 12. Qc2 c5 13. Qf2 Ne6 14. Nxe6 Bxe6 15. dxc5 Bxc5 16. b4 d4 17. bxc5 dxc3 18. Qc2 Qa5 19. Rb1 Qxc5 20. Rb5 Qc6 21. Rb4 Red8 22. Rh4 h6 23. Qe2 Rac8 24. Bb5 Qc5 25. Re1 a6 26. Bd3 b5 27. Kh1 Rc7 28. e4 Rcd7 29. e5 Ne8 30. Bb1 Rd2 31. Qe4 Qf2 32. Bxd2 cxd2 33. Rd1 Bf5 34. Qxf5 Qe1+ 35. Rxe1 dxe1Q# 0-1